Identificación de zonas de riesgo potencial y contaminación en la cuenca del Río Damas, mediante sistemas de información geográfica

Gespeichert in:
Bibliographische Detailangaben
1. Verfasser: Castillo Briceño, Randall Gerardo
Format: Buch
Veröffentlicht: San José, C.R. 1999
Schlagworte:
Tags: Tag hinzufügen
Keine Tags, Fügen Sie den ersten Tag hinzu!

MARC

LEADER 00000nam a2200000Ia 4500
003 008557
005 20221231144221.0
008 140114s1999 cr a 000 ||s d
040 |c cru CEDI 
090 |a TFG 3899 
100 |a Castillo Briceño, Randall Gerardo  |9 8886 
245 |a Identificación de zonas de riesgo potencial y contaminación en la cuenca del Río Damas, mediante sistemas de información geográfica  
260 |c 1999  |a  San José, C.R. 
300 |a  xi, 136 hojas : ilustraciones a color  
500 |a  Proyecto de graduación (licenciatura en ingeniería civil)--Universidad de Costa Rica. Facultad de Ingeniería. Escuela de Ingeniería Civil 
650 |x CONTAMINACION - ASPECTOS AMBIENTALES - COSTA RICA   |x DESASTRES NATURALES - PREVENCION   |x SISTEMAS DE INFORMACION GEOGRAFICA   |x CIUDADES Y PUEBLOS  |9 8887 
942 |c TFG 
999 |c 18576  |d 18576